[Event "Titled Tuesday intern op 24th Jan Late"]
[Site "Chess.com INT"]
[Date "2023.01.24"]
[Round "4"]
[White "Saravana, Krishnan P"]
[Black "Sanal, Vahap"]
[Result "0-1"]
[WhiteElo "2244"]
[BlackElo "2590"]
[PlyCount "76"]
[EventDate "2023.01.24"]
[EventType "swiss (blitz)"]
[EventRounds "11"]
[EventCountry "USA"]
[SourceTitle "EXT 2024"]
[Source "ChessBase"]
[SourceDate "2023.10.10"]
[SourceVersion "1"]
[SourceVersionDate "2023.10.10"]
[SourceQuality "1"]

1. e4 c5 2. Nf3 e6 3. c3 d5 4. exd5 exd5 5. d4 c4 6. b3 cxb3 7. axb3 Bd6 8. Ba3 Ne7 9. Be2 0-0 10. 0-0 Nbc6 11. Re1 Bf5 12. c4 Bb4 13. Bxb4 Nxb4 14. Na3 Nec6 15. Qd2 h6 16. Ne5 dxc4 17. Qf4 Qxd4 18. Qxf5 Qxe5 19. Qxe5 Nxe5 20. bxc4 Rfe8 21. Bf1 Nec6 22. Nb5 a5 23. Reb1 Rad8 24. c5 Re5 25. Nd6 Rd7 26. Rc1 g6 27. Bc4 Kg7 28. Bb3 Nd3 29. Rf1 Nxc5 30. Nxf7 Rxf7 31. Bxf7 Kxf7 32. Rfb1 Ke6 33. g3 g5 34. Kg2 Kd6 35. Ra3 Kc7 36. Rc3 Rf5 37. Rb5 Rxf2+ 38. Kg1 Ne4 0-1

[Event "Titled Tuesday intern op 17th Jan Early"]
[Site "Chess.com INT"]
[Date "2023.01.17"]
[Round "7"]
[White "Saravana, Krishnan P"]
[Black "Urazayev, Arystanbek"]
[Result "0-1"]
[WhiteElo "2244"]
[BlackElo "2460"]
[PlyCount "50"]
[EventDate "2023.01.17"]
[EventType "swiss (blitz)"]
[EventRounds "11"]
[EventCountry "USA"]
[SourceTitle "CBM 212 Extra"]
[Source "ChessBase"]
[SourceDate "2023.03.31"]
[SourceVersion "1"]
[SourceVersionDate "2023.03.31"]
[SourceQuality "1"]

1. e4 c5 2. Nf3 e6 3. c3 d5 4. exd5 exd5 5. d4 Nc6 6. Bb5 Bd6 7. 0-0 Nge7 8. dxc5 Bxc5 9. Nbd2 0-0 10. Nb3 Bb6 11. h3 Nf5 12. Bf4 Qf6 13. Bd3 h6 14. Re1 Nh4 15. Nxh4 Qxf4 16. Nf3 Bxh3 17. gxh3 Qg3+ 18. Kh1 Qxh3+ 19. Kg1 Rae8 20. Rxe8 Rxe8 21. Bf1 Qg3+ 22. Kh1 Qxf2 23. Bg2 Re5 24. Qf1 Rh5+ 25. Bh3 Qg3 0-1

[Event "Titled Tuesday intern op 03rd Jan Early"]
[Site "Chess.com INT"]
[Date "2023.01.03"]
[Round "7"]
[White "Saravana, Krishnan P"]
[Black "Md Imran"]
[Result "1-0"]
[WhiteElo "2244"]
[BlackElo "2303"]
[PlyCount "75"]
[EventDate "2023.01.03"]
[EventType "swiss (blitz)"]
[EventRounds "11"]
[EventCountry "USA"]
[SourceTitle "EXT 2024"]
[Source "ChessBase"]
[SourceDate "2023.10.10"]
[SourceVersion "1"]
[SourceVersionDate "2023.10.10"]
[SourceQuality "1"]

1. e4 c5 2. Nf3 Nc6 3. Nc3 g6 4. Bb5 Nd4 5. 0-0 Bg7 6. Nxd4 cxd4 7. Ne2 a6 8. Bc4 d6 9. d3 e6 10. f3 Ne7 11. Qe1 0-0 12. Bd2 b5 13. Bb3 a5 14. a4 b4 15. Qh4 Kh8 16. Bh6 Nc6 17. Bxg7+ Kxg7 18. Qf2 e5 19. Bd5 Bd7 20. f4 f6 21. c3 dxc3 22. bxc3 Rb8 23. Bxc6 Bxc6 24. cxb4 axb4 25. Rfc1 Qa5 26. Rxc6 b3 27. Rc4 b2 28. Rb1 Rb3 29. d4 Rfb8 30. dxe5 dxe5 31. Rc5 Qb6 32. fxe5 Rf8 33. Rb5 Rxb5 34. axb5 Qxb5 35. Nd4 Qxe5 36. Qxb2 Qxe4 37. Qb7+ Rf7 38. Qxe4 1-0

[Event "IND-ch 59th"]
[Site "New Delhi"]
[Date "2023.01.03"]
[Round "13"]
[White "Utsab, Chatterjee"]
[Black "Saravana, Krishnan P"]
[Result "0-1"]
[WhiteElo "2350"]
[BlackElo "2244"]
[PlyCount "54"]
[EventDate "2022.12.22"]
[EventType "swiss"]
[EventRounds "13"]
[EventCountry "IND"]
[SourceTitle "CBM 211 Extra"]
[Source "ChessBase"]
[SourceDate "2023.01.31"]
[SourceVersion "1"]
[SourceVersionDate "2023.01.31"]
[SourceQuality "1"]

1. e4 e5 2. Nf3 Nc6 3. Bb5 a6 4. Ba4 Nf6 5. d3 Bc5 6. Nc3 d6 7. Be3 b5 8. Bb3 Nd4 9. Bxd4 exd4 10. Ne2 Bg4 11. Nd2 Bb6 12. h3 Be6 13. Nf4 Bxb3 14. axb3 0-0 15. g4 c6 16. g5 Nd7 17. Qh5 Ba5 18. Ne2 Ne5 19. Ng1 f5 20. gxf6 Qxf6 21. Qe2 Qg5 22. f3 Nxf3+ 23. Ngxf3 Rxf3 24. 0-0-0 Raf8 25. Rh2 Re3 26. Qg2 Qxg2 27. Rxg2 Rxh3 0-1

[Event "IND-ch 59th"]
[Site "New Delhi"]
[Date "2023.01.01"]
[Round "11"]
[White "Koustuv, Dash"]
[Black "Saravana, Krishnan P"]
[Result "1/2-1/2"]
[WhiteElo "1929"]
[BlackElo "2244"]
[PlyCount "66"]
[EventDate "2022.12.22"]
[EventType "swiss"]
[EventRounds "13"]
[EventCountry "IND"]
[SourceTitle "CBM 211 Extra"]
[Source "ChessBase"]
[SourceDate "2023.01.31"]
[SourceVersion "1"]
[SourceVersionDate "2023.01.31"]
[SourceQuality "1"]

1. d4 d5 2. c4 c6 3. Nf3 Nf6 4. e3 Bg4 5. cxd5 cxd5 6. Qb3 Qc7 7. Bd2 Bxf3 8. gxf3 Nc6 9. Nc3 e6 10. Rc1 Be7 11. Bb5 0-0 12. Na4 Rfc8 13. 0-0 e5 14. Bc3 Bd6 15. Bxc6 bxc6 16. dxe5 Bxe5 17. Bxe5 Qxe5 18. Qd1 Rab8 19. a3 c5 20. Nxc5 Rxb2 21. Nd7 Rxc1 22. Nxe5 Rxd1 23. Rxd1 g5 24. Rd4 Rb7 25. Ra4 Rc7 26. Kg2 Kg7 27. Ra5 h5 28. Nd3 g4 29. Nb4 Rd7 30. Nc6 Rc7 31. Nb4 Rd7 32. Nc6 Rc7 33. Nb4 Rd7 1/2-1/2